| 000 | 00588nam a2200181 a 4500 | ||
|---|---|---|---|
| 005 | 20220520063638.0 | ||
| 008 | 030121s1995 mx r 000 0 spa d | ||
| 020 | _a968417294X | ||
| 035 | _aUPN01000121508 | ||
| 049 | _aLT | ||
| 050 | 4 |
_aLB1648 M6.3 _bA93 |
|
| 245 | 0 | 3 |
_aLa aventura con la ciencia : _bfísica 2 : 3er. grado / _cJosé Francisco Valdés Galicia ... [et al.]. |
| 260 |
_aMéxico : _bPedagógicas, _c1995. |
||
| 300 |
_a253 p. : _bil. |
||
| 650 | 4 |
_aFísica _xEstudio y enseñanza (Secundaria) _98873 |
|
| 700 | 1 |
_aValdés Galicia, José Francisco, _ecoaut. |
|
| 905 | _aLibro | ||
| 999 |
_c93748 _d93748 |
||